| 000 | 00536nam a2200205Ia 4500 | ||
|---|---|---|---|
| 008 | 170918s9999 xx 000 0 und d | ||
| 020 | _a439180317 | ||
| 050 | _bN495 2000 | ||
| 100 | _aNeuschwander, Cindy | ||
| 245 | _aSir Cumference and the dragon of pi : | ||
| 245 | _ba math adventure / | ||
| 245 | _cCindy Neuschwander ; illustrated by Wayne Geehan. | ||
| 260 | _aNew York : | ||
| 260 | _bScholastic, | ||
| 260 | _c2000 | ||
| 300 | _aunpaged : | ||
| 300 | _bcolored illustration ; | ||
| 300 | _c24cm. | ||
| 500 | _a390 | ||
| 999 |
_c341301 _d341301 |
||